| 000 | 00532nam a2200217Ia 4500 | ||
|---|---|---|---|
| 008 | 170918s9999 xx 000 0 und d | ||
| 020 | _a9780439854832 | ||
| 050 | _bZ947 2006 | ||
| 100 | _aZullo, Allan | ||
| 245 | 4 | _aThe rescuers : | |
| 245 | _bkids who risked everything to save others / | ||
| 245 | _cAllan Zullo. | ||
| 260 | _aNew York : | ||
| 260 | _bScholastic, | ||
| 260 | _c2006 | ||
| 300 | _a135 pages : | ||
| 300 | _bcolored illustration ; | ||
| 300 | _c19cm. | ||
| 440 | _aTen true tales. | ||
| 500 | _a840 | ||
| 999 |
_c342062 _d342062 |
||